Brotherhood Of Man, Abba, Bucks Fizz or The Dooleys - Statistics

General Stats
  • This quiz has been taken 23 times
  • The average score is 14 of 20
Answer Stats
Question Answer % Correct
Head Over Heels A
100%
I Do I Do I Do I Do I Do A
100%
One Of Us A
100%
Fernando A
100%
Chiquitita A
100%
Angelo BOM
100%
Wanted TD
83%
I Think I'm Gonna Fall In Love With You TD
83%
I Hear Talk BF
67%
If You Can't Stand The Heat BF
67%
United We Stand BOM
67%
Figaro BOM
67%
A Rose Has To Die TD
67%
Love Patrol TD
67%
When We Were Young BF
50%
You And Your Heart So Blue BF
50%
Oh Boy (The Mood I'm In) BOM
50%
The Chosen Few TD
50%
Lightning Flash BOM
17%
And I Wish TD
17%
No matching quizzes found
Score Distribution
Percent of People with Each Score
Percentile by Number Answered
Your Score History
You have not taken this quiz